000 00313nam a22001457a 4500
008 210311b ||||| |||| 00| 0 eng d
020 _a9780324662962
041 _aeng
080 _a330.722.6
082 _a330.722.6
100 _a61
101 _aKF
245 _aAccounting
_cWarren, C. S
942 _2udc
_cBK
999 _c56402
_d56402